[Event "62. BEM 2008"]
[Site "Dortmund"]
[Date "2008.03.06"]
[Round "9.12"]
[White "Ziemek, Siegfried"]
[Black "Benke, Werner"]
[Result "1/2-1/2"]
[WhiteElo "1671"]
[BlackElo "1563"]
[PlyCount "115"]
[EventDate "2008.??.??"]
[Source "SG Dortmund"]
[SourceDate "2004.12.16"]

1. e4 c5 2. Bc4 d6 3. f4 Nc6 4. Nf3 Nf6 5. d3 Bg4 6. h3 Bxf3 7. Qxf3 Nd4 8. Qf2
Qc7 9. c3 Nc6 10. a3 a6 11. Be3 b5 12. Ba2 c4 13. dxc4 Nxe4 14. Qf3 Nf6 15.
cxb5 axb5 16. O-O e6 17. Nd2 Be7 18. Nb3 O-O 19. Rac1 Nd5 20. Bd4 Qb7 21. Bb1
Nxd4 22. Nxd4 Qb6 23. Kh1 Bf6 24. Qe4 g6 25. Nxe6 Rae8 26. Qxd5 fxe6 27. Qb3 d5
28. Bd3 Rb8 29. Rf3 Qc6 30. Re1 Rfe8 31. Ref1 Rb7 32. Qc2 e5 33. fxe5 Bxe5 34.
Qf2 Qe6 35. Rf8+ Kg7 36. Bxb5 Ree7 37. a4 h6 38. Rf3 Bd6 39. Qh4 Kh7 40. Qd4
Be5 41. Qe3 Qd6 42. Qf2 Qe6 43. Bd3 Kg7 44. Re1 Qd6 45. Qc2 Bg3 46. Ree3 Rxe3
47. Rxe3 Bf4 48. Re1 Qb6 49. b4 Bb8 50. a5 Qc7 51. g4 Qg3 52. Re2 Qxh3+ 53. Rh2
Bxh2 54. Qxh2 Qxg4 55. Be2 Qe4+ 56. Qg2 Qh4+ 57. Kg1 Qe1+ 58. Bf1 {
nebst Remisschluss nach wenigen Zuegen ...} 1/2-1/2

[Event "62. BEM 2008"]
[Site "Dortmund"]
[Date "2008.03.06"]
[Round "9.13"]
[White "Schröder, Thomas"]
[Black "Watzlawek, Volker"]
[Result "1-0"]
[WhiteElo "1569"]
[BlackElo "1661"]
[PlyCount "87"]
[EventDate "2008.??.??"]
[Source "SG Dortmund"]
[SourceDate "2004.12.16"]

1. f4 d5 2. Nf3 Nf6 3. e3 Bf5 4. b3 e6 5. Bb2 Bc5 6. Nc3 a6 7. Ne2 Nc6 8. Ne5
Nb4 9. Rc1 Ng4 10. Ng3 Qh4 11. Nf3 Qh6 12. Nxf5 exf5 13. a3 Nc6 14. Bd3 O-O 15.
Bxf5 Nxe3 16. dxe3 Bxe3 17. g3 Rfe8 18. Kf1 g6 19. Bg4 Rad8 20. Ng5 d4 21. Bf3
Bxc1 22. Bxc1 Ne7 23. Kf2 Nf5 24. Qd3 c6 25. h4 Qf8 26. h5 f6 27. Qc4+ Kg7 28.
Ne6+ Rxe6 29. Qxe6 Re8 30. Qc4 Ne3 31. Qd3 Qc5 32. b4 Qxc2+ 33. Qxc2 Nxc2 34.
hxg6 hxg6 35. Rd1 a5 36. Rd2 Ne1 37. Be2 d3 38. Bxd3 Nxd3+ 39. Rxd3 axb4 40.
axb4 Kf7 41. Rd7+ Ke6 42. Rxb7 Kf5 43. Kf3 Re4 44. g4+ 1-0

[Event "62. BEM 2008"]
[Site "Dortmund"]
[Date "2008.03.06"]
[Round "9.14"]
[White "Flierdl, Lothar"]
[Black "Reinacher, Detlev"]
[Result "1-0"]
[WhiteElo "1702"]
[BlackElo "1464"]
[PlyCount "85"]
[EventDate "2008.??.??"]
[Source "SG Dortmund"]
[SourceDate "2004.12.16"]

1. e4 d6 2. d4 g6 3. Bd3 Bg7 4. Ne2 Nf6 5. O-O Nbd7 6. c3 c6 7. Bg5 Qc7 8. Qd2
e5 9. Bh6 O-O 10. Bxg7 Kxg7 11. Qg5 b5 12. a4 Bb7 13. axb5 cxb5 14. Nd2 a6 15.
d5 Nc5 16. Bc2 Qb6 17. Ng3 Bc8 18. Nf5+ Bxf5 19. exf5 Nxd5 20. Ne4 Nxe4 21.
Bxe4 f6 22. Qd2 Ne7 23. Bxa8 Rxa8 24. fxg6 hxg6 25. Kh1 Nf5 26. Qd5 Rh8 27.
Rad1 Rd8 28. Rd3 Nh6 29. Rh3 Re8 30. Qd2 Rh8 31. f4 Ng4 32. Rxh8 Kxh8 33. fxe5
fxe5 34. h3 Qe3 35. Qxe3 Nxe3 36. Rf6 Nd1 37. Rxg6 Nxb2 38. Rxd6 a5 39. Rd5 a4
40. Rxb5 a3 41. Rxe5 Nc4 42. Re8+ Kg7 43. Ra8 1-0

[Event "62. BEM 2008"]
[Site "Dortmund"]
[Date "2008.03.06"]
[Round "9.15"]
[White "Ziemek, Gerhard"]
[Black "Gegner, Michael"]
[Result "1-0"]
[WhiteElo "1628"]
[BlackElo "1552"]
[PlyCount "49"]
[EventDate "2008.??.??"]
[Source "SG Dortmund"]
[SourceDate "2004.12.16"]

1. d4 Nf6 2. Nc3 h6 3. e4 d6 4. f4 e6 5. Nf3 Be7 6. Bd3 b6 7. Qe2 Bb7 8. e5 Nd5
9. a3 Nxc3 10. bxc3 g5 11. O-O g4 12. Nd2 h5 13. f5 Qd7 14. fxe6 Qxe6 15. Bc4
d5 16. Bd3 Bg5 17. Bf5 Qh6 18. Nb3 Bxc1 19. Nxc1 Nd7 20. e6 fxe6 21. Bxe6 O-O-O
22. Nd3 Kb8 23. Bxd7 Rxd7 24. Ne5 Re7 25. Nc6+ 1-0

[Event "62. BEM 2008"]
[Site "Dortmund"]
[Date "2008.03.06"]
[Round "9.17"]
[White "Gennat, Egon L"]
[Black "Clausen, Dirk"]
[Result "0-1"]
[WhiteElo "1495"]
[BlackElo "1597"]
[PlyCount "86"]
[EventDate "2008.??.??"]
[Source "SG Dortmund"]
[SourceDate "2004.12.16"]

1. d4 f5 2. g3 Nf6 3. Bg2 g6 4. Bg5 Bg7 5. c4 O-O 6. Nf3 d6 7. Nc3 Qe8 8. Qd2
e5 9. dxe5 dxe5 10. O-O Nc6 11. Nb5 Qf7 12. Rac1 Ne4 13. Qe1 a6 14. Na3 h6 15.
Bd2 Be6 16. b3 Nxd2 17. Nxd2 e4 18. Nc2 Bc3 19. e3 Rad8 20. Rd1 Ne5 21. Qe2 Nd3
22. Nb1 Be5 23. f3 exf3 24. Bxf3 Nc5 25. Rd2 Qe7 26. Rfd1 c6 27. Nd4 Qg5 28. b4
Bxd4 29. exd4 Ne4 30. Rc2 Rde8 31. d5 Bd7 32. Qg2 cxd5 33. cxd5 Ba4 34. d6 Bxc2
35. Qxc2 Qe3+ 36. Kg2 Rc8 37. Qb2 Rc6 38. d7 Rd6 39. Rxd6 Nxd6 40. Qf6 Rxf6 41.
d8=Q+ Kg7 42. Bd5 Qe2+ 43. Kg1 Qd1+ 0-1

[Event "62. BEM 2008"]
[Site "Dortmund"]
[Date "2008.03.06"]
[Round "9.18"]
[White "Kajtazovic, Ismail"]
[Black "Ewers, Christian"]
[Result "0-1"]
[WhiteElo "1525"]
[BlackElo "1668"]
[PlyCount "70"]
[EventDate "2008.??.??"]
[Source "SG Dortmund"]
[SourceDate "2004.12.16"]

1. d4 Nf6 2. c4 c5 3. d5 b5 4. cxb5 a6 5. b6 Qxb6 6. Nc3 g6 7. Nf3 Bg7 8. e4
O-O 9. Be2 Qb4 10. a3 Qa5 11. O-O d6 12. h3 Nbd7 13. Bd2 Nb6 14. Bd3 c4 15. Bc2
Qc5 16. Be3 Qc7 17. Qd2 Nfd7 18. Bh6 Nc5 19. Bxg7 Kxg7 20. Qf4 Bb7 21. h4 e5
22. Qe3 Bc8 23. h5 f5 24. h6+ Kh8 25. exf5 Bxf5 26. Bxf5 Rxf5 27. Rad1 Nba4 28.
Nxa4 Nxa4 29. g4 Rf4 30. Rfe1 Nxb2 31. Rc1 Rb8 32. Kf1 Kg8 33. Nxe5 dxe5 34. d6
Qxd6 35. Qa7 Rf7 0-1

[Event "62. BEM 2008"]
[Site "Dortmund"]
[Date "2008.03.06"]
[Round "9.19"]
[White "Wodzinski, Kristin"]
[Black "Schrimpl, Michael"]
[Result "0-1"]
[WhiteElo "1212"]
[BlackElo "1390"]
[PlyCount "66"]
[EventDate "2008.??.??"]
[Source "SG Dortmund"]
[SourceDate "2004.12.16"]

1. d4 Nf6 2. c4 c5 3. d5 b5 4. Qc2 d6 5. Bg5 Nbd7 6. Nf3 g6 7. Nbd2 Bg7 8. e4
Ng4 9. Rb1 b4 10. Be2 O-O 11. O-O a5 12. Qa4 Nb6 13. Qc2 Nd7 14. a3 Re8 15. Nh4
Nf8 16. Rfe1 Bd4 17. Bxg4 Bxg4 18. Nhf3 Bg7 19. Bh4 Qc7 20. Qd3 e6 21. h3 Bxf3
22. Nxf3 Rab8 23. Bg3 bxa3 24. Qxa3 exd5 25. cxd5 Nd7 26. Nd2 Rb4 27. Rec1 Bh6
28. f4 Nf6 29. Rc4 Rxc4 30. Nxc4 Rxe4 31. Qxa5 Qxa5 32. Nxa5 Rb4 33. f5 Ne4 0-1

[Event "62. BEM 2008"]
[Site "Dortmund"]
[Date "2008.03.06"]
[Round "9.20"]
[White "Siwy, Boguslaw"]
[Black "Rutmann, Ulrich"]
[Result "1-0"]
[WhiteElo "1323"]
[BlackElo "1401"]
[PlyCount "61"]
[EventDate "2008.??.??"]
[Source "SG Dortmund"]
[SourceDate "2004.12.16"]

1. e4 e5 2. Nf3 Nf6 3. d4 exd4 4. Nxd4 Bc5 5. e5 Ne4 6. Qe2 Bxd4 7. Qxe4 Nc6 8.
Bd3 Qe7 9. f4 Bb6 10. Nc3 Qc5 11. Rf1 Ba5 12. Bd2 Qe7 13. O-O-O b6 14. Nd5
Bxd2+ 15. Rxd2 Qd8 16. Rfd1 Rb8 17. Bb5 Bb7 18. Qf5 O-O 19. Bd3 g6 20. Nf6+ Kg7
21. Qh3 Rh8 22. Qg3 Nd4 23. Bc4 c5 24. c3 Nf5 25. Qh3 d6 26. g4 Ne7 27. Rxd6
Qc8 28. Qh4 h5 29. Nd7 hxg4 30. Qf6+ Kg8 31. Qxf7# 1-0

[Event "62. BEM 2008"]
[Site "Dortmund"]
[Date "2008.03.06"]
[Round "9.21"]
[White "Rzoczek, Christoph"]
[Black "Strotmann, Dieter"]
[Result "1-0"]
[WhiteElo "1588"]
[BlackElo "1296"]
[PlyCount "29"]
[EventDate "2008.??.??"]
[Source "SG Dortmund"]
[SourceDate "2004.12.16"]

1. e4 e6 2. d4 d5 3. Nc3 c5 4. Bb5+ Bd7 5. Nf3 Bxb5 6. Nxb5 Qa5+ 7. Nc3 cxd4 8.
Qxd4 Bc5 $4 9. Qxg7 Nc6 10. Qxh8 O-O-O 11. O-O Nb4 12. Bg5 Ne7 13. Qxh7 Rf8 14.
a3 Nxc2 15. Rac1 1-0

[Event "62. BEM 2008"]
[Site "Dortmund"]
[Date "2008.03.06"]
[Round "9.22"]
[White "Hugenroth, Andreas"]
[Black "Noori, Mir Ahmad"]
[Result "1/2-1/2"]
[WhiteElo "1231"]
[BlackElo "1556"]
[PlyCount "93"]
[EventDate "2008.??.??"]
[Source "SG Dortmund"]
[SourceDate "2004.12.16"]

1. d4 e6 2. e4 g6 3. Bd3 Bg7 4. Ne2 Ne7 5. Be3 d6 6. Nbc3 Nd7 7. Qd2 h6 8. h4
Nf6 9. O-O-O a6 10. f3 Bd7 11. e5 Nfd5 12. Nxd5 Nxd5 13. Bf2 h5 14. Kb1 b5 15.
Be4 Bc6 16. Nc3 Qd7 17. Nxd5 exd5 18. Bd3 O-O-O 19. Qa5 Bb7 20. a4 bxa4 21.
Bxa6 Bxa6 22. Qxa6+ Kb8 23. Rd3 dxe5 24. dxe5 c6 25. Ra3 Qb7 26. Qxb7+ Kxb7 27.
Rxa4 Ra8 28. Rxa8 Kxa8 29. f4 Kb7 30. b4 Ka6 31. Kb2 Ra8 32. Ra1+ Kb7 33. Rxa8
Kxa8 34. Kb3 Kb7 35. Ka4 Bf8 36. Bc5 Bh6 37. g3 Ka6 38. c3 Bg7 39. Bd4 Bh6 40.
Bc5 Kb7 41. Ka5 Kc7 42. Ka6 Kd7 43. Kb7 Bg7 44. Bd4 Bh6 45. Bc5 Bg7 46. Bd4 Bf8
47. Bc5 1/2-1/2

[Event "62. BEM 2008"]
[Site "Dortmund"]
[Date "2008.03.06"]
[Round "9.24"]
[White "Collisy, Klaus-D"]
[Black "Schoppe, Hans-Werner"]
[Result "1-0"]
[WhiteElo "1326"]
[BlackElo "1243"]
[PlyCount "93"]
[EventDate "2008.??.??"]
[Source "SG Dortmund"]
[SourceDate "2004.12.16"]

1. e4 e6 2. d4 d5 3. e5 c5 4. c3 a6 5. Nf3 Qb6 6. Bd3 Nc6 7. O-O cxd4 8. cxd4
Bd7 9. Bc2 Rc8 10. a3 Nge7 11. Nc3 Qa7 12. Ng5 h6 13. Nf3 b5 14. Be3 b4 15.
axb4 Nxb4 16. Ba4 Nec6 17. Qe2 Qb6 18. Rfc1 Be7 19. h3 O-O 20. Qd2 f6 21. Ne2
fxe5 22. Nxe5 Be8 23. Nf4 Rf6 24. Bd1 g5 25. Nh5 Rf8 26. Bg4 Bxh5 27. Bxh5 Bf6
28. Nd7 Qa7 29. Nxf8 Rxf8 30. Bg4 Qf7 31. Rf1 h5 32. Be2 Qa7 33. Rac1 Nxd4 34.
Bxd4 Qxd4 35. Qxd4 Bxd4 36. Bxh5 Nd3 37. Rc2 Nxf2 38. Rfxf2 Rxf2 39. Rxf2 Kg7
40. Bg4 Bxf2+ 41. Kxf2 Kf6 42. Ke3 Ke5 43. b4 d4+ 44. Kd3 Kd5 45. Bf3+ Kd6 46.
Kxd4 e5+ 47. Kc4 1-0

[Event "62. BEM 2008"]
[Site "Dortmund"]
[Date "2008.03.06"]
[Round "9.25"]
[White "Dörre, Niels"]
[Black "Pachura, Karl-Heinz"]
[Result "1-0"]
[WhiteElo "1590"]
[BlackElo "1305"]
[PlyCount "125"]
[EventDate "2008.??.??"]
[Source "SG Dortmund"]
[SourceDate "2004.12.16"]

1. e4 e5 2. f4 d5 3. exd5 Qxd5 4. Nc3 Qe6 5. Nf3 exf4+ 6. Qe2 Qxe2+ 7. Bxe2 c6
8. d4 Bd6 9. O-O Nf6 10. Ng5 h6 11. Nge4 Nxe4 12. Nxe4 Bc7 13. Bxf4 Bxf4 14.
Rxf4 O-O 15. Raf1 Be6 16. Nc5 Nd7 17. Nxe6 fxe6 18. Bc4 Rae8 19. Re4 Rxf1+ 20.
Kxf1 Nf8 21. a4 a6 22. Ke2 Kf7 23. Ke3 b5 24. Be2 Ke7 25. c4 bxc4 26. Bxc4 a5
27. Re5 Ra8 28. h4 Kd6 29. Ke4 Ra7 30. g4 g6 31. Kd3 Ra8 32. Re2 Re8 33. Kc3
Rd8 34. Rf2 c5 35. d5 exd5 36. Bxd5 Ke5 37. Bf7 Rd4 38. h5 Rxg4 39. hxg6 Nxg6
40. b3 Nf4 41. Rh2 Kf6 42. Bh5 Nd5+ 43. Kc2 Ne3+ 44. Kd3 Rg3 45. Rf2+ Kg5 46.
Rf3 Rxf3 47. Bxf3 Kf4 48. Bh5 Ng4 49. Kc4 Kg5 50. Be8 Nf6 51. Bc6 h5 52. Kxc5
h4 53. Kb6 h3 54. Kxa5 h2 55. b4 Nd7 56. Bh1 Kf5 57. Kb5 Ke5 58. Kc6 Nb8+ 59.
Kb7 Nd7 60. a5 Kd4 61. a6 Nf8 62. a7 Ne6 63. a8=Q 1-0

[Event "62. BEM 2008"]
[Site "Dortmund"]
[Date "2008.03.06"]
[Round "9.26"]
[White "Krüger, Inge"]
[Black "Hast, Stefan"]
[Result "1-0"]
[WhiteElo "1375"]
[BlackElo "1083"]
[PlyCount "113"]
[EventDate "2008.??.??"]
[Source "SG Dortmund"]
[SourceDate "2004.12.16"]

1. d4 Nf6 2. c4 g6 3. Nc3 Bg7 4. Nf3 d6 5. e4 O-O 6. Be2 b6 7. O-O c5 8. d5 e6
9. Qc2 exd5 10. cxd5 a6 11. Bg5 Qc7 12. Rac1 Bg4 13. h3 Bxf3 14. Bxf3 Nbd7 15.
Rfe1 Ne5 16. Be2 b5 17. a3 Rfb8 18. b4 c4 19. Nb1 a5 20. f4 Ned7 21. Bf3 axb4
22. axb4 Ra4 23. Qd2 Ne8 24. Bd1 Ra1 25. f5 Rba8 26. Bb3 Qb6+ 27. Be3 Bh6 28.
Bxb6 Bxd2 29. Nxd2 Rxc1 30. Rxc1 Nxb6 31. Bd1 g5 32. Nf3 h6 33. Nd4 Nc7 34. f6
Re8 35. Bf3 Nd7 36. Nf5 Nxf6 37. Nxd6 Re5 38. Kf2 Nfe8 39. Nf5 Kh7 40. Ng3 Nd6
41. Re1 Na6 42. Rb1 f5 43. exf5 Nxf5 44. Be4 Kg6 45. Bxf5+ Rxf5+ 46. Nxf5 Kxf5
47. Ke3 Ke5 48. Rd1 c3 49. d6 c2 50. Rc1 Nxb4 51. d7 Nc6 52. Rxc2 Ke6 53. Rd2
Nd8 54. Rd4 b4 55. Kd3 b3 56. Kc3 Ke5 57. Rd1 1-0

[Event "62. BEM 2008"]
[Site "Dortmund"]
[Date "2008.03.06"]
[Round "9.27"]
[White "Fahle, Karl-Wilhelm"]
[Black "Kiauka, Richard"]
[Result "0-1"]
[WhiteElo "1202"]
[BlackElo "1191"]
[PlyCount "48"]
[EventDate "2008.??.??"]
[Source "SG Dortmund"]
[SourceDate "2004.12.16"]

1. e4 e5 2. f4 exf4 3. Nf3 Nc6 4. Bc4 Bc5 5. d4 Bb6 6. c3 d6 7. Bxf4 Bg4 8. O-O
Nf6 9. Qd3 O-O 10. b4 h6 11. a4 Nh5 12. Be3 a5 13. Nbd2 axb4 14. cxb4 Nxb4 15.
Qb3 Nc6 16. Bxf7+ Kh8 17. Nh4 Qxh4 18. Nf3 Bxf3 19. Rxf3 Nxd4 20. Qd5 Nxf3+ 21.
gxf3 Bxe3+ 22. Kh1 Nf4 23. Qf5 Qf2 24. Rg1 Qxg1# 0-1

[Event "62. BEM 2008"]
[Site "Dortmund"]
[Date "2008.03.06"]
[Round "9.28"]
[White "Griese, Andreas"]
[Black "Rabe, Mark"]
[Result "1-0"]
[WhiteElo "1058"]
[BlackElo "891"]
[PlyCount "71"]
[EventDate "2008.??.??"]
[Source "SG Dortmund"]
[SourceDate "2004.12.16"]

1. e4 g6 2. Nf3 Bg7 3. d4 e6 4. Nc3 d5 5. Be2 c6 6. O-O Nf6 7. Bg5 Qc7 8. Bxf6
Bxf6 9. e5 Bg7 10. Qd2 O-O 11. h4 h5 12. Kh1 a6 13. Rg1 Nd7 14. Nh2 c5 15. f4
Bh6 16. Raf1 Qd8 17. Qe1 cxd4 18. Nd1 b5 19. g4 d3 20. cxd3 d4 21. Bf3 Rb8 22.
gxh5 Kg7 23. Be4 f5 24. Rxg6+ Kh7 25. Bg2 (25. Qg3 $1 $18) 25... Rg8 26. Rxe6
Bb7 27. Bxb7 Rxb7 28. Rg1 Nc5 29. Reg6 Qd5+ 30. R6g2 Nxd3 31. Qf1 Nxf4 (31...
Rg3 $1 $19) 32. Nf3 Nxh5 (32... Nxg2) 33. Ng5+ Bxg5 34. Qxf5+ Kh6 $2 35. hxg5+
Rxg5 $4 36. Qxg5+ 1-0

[Event "61. BEM 2007"]
[Site "Dortmund"]
[Date "2007.02.26"]
[Round "1.1"]
[White "Noori, Mir Ahmad"]
[Black "Fiebig, Thomas"]
[Result "0-1"]
[WhiteElo "1601"]
[BlackElo "2331"]
[PlyCount "38"]
[EventDate "2007.??.??"]
[Source "SG Dortmund"]
[SourceDate "2004.12.16"]

1. d4 d5 2. e3 Nf6 3. Nf3 Bf5 4. b3 e6 5. Ba3 Bxa3 6. Nxa3 c5 7. Nb1 O-O 8. Be2
Nc6 9. c3 cxd4 10. Nxd4 Nxd4 11. exd4 Rc8 12. Qc1 Qa5 13. O-O Bxb1 14. Rxb1
Rxc3 15. Qd2 Ne4 16. Qb2 Rfc8 17. Rfc1 g6 18. a4 Qb4 19. Rxc3 Nxc3 0-1

[Event "61. BEM 2007"]
[Site "Dortmund"]
[Date "2007.02.26"]
[Round "1.2"]
[White "Kartsev, Soel"]
[Black "Schröder, Thomas"]
[Result "1-0"]
[WhiteElo "2180"]
[BlackElo "1581"]
[PlyCount "59"]
[EventDate "2007.??.??"]
[Source "SG Dortmund"]
[SourceDate "2004.12.16"]

1. f4 d5 2. Nf3 Bg4 3. e3 Nc6 4. d4 e6 5. Be2 Nf6 6. Nbd2 Bd6 7. O-O O-O 8. c3
Ne7 9. Qe1 c5 10. Bd3 Nd7 11. Ne5 Bh5 12. Ndf3 f6 13. Nxd7 Qxd7 14. Bxh7+ Kxh7
15. Qh4 g6 16. g4 Kg7 17. gxh5 Rh8 18. Ne5 fxe5 19. fxe5 Bxe5 20. dxe5 Rxh5 21.
Qf6+ Kh7 22. Qf7+ Kh8 23. e4 Rg8 24. exd5 Rg7 25. Qf8+ Ng8 26. dxe6 Qxe6 27.
Bf4 Qg4+ 28. Bg3 Rxe5 29. Rf4 Qe2 30. Re1 1-0

[Event "61. BEM 2007"]
[Site "Dortmund"]
[Date "2007.02.26"]
[Round "1.3"]
[White "Rossa, Daniel"]
[Black "Tkachuk, Sergiy"]
[Result "1/2-1/2"]
[WhiteElo "1543"]
[BlackElo "2106"]
[PlyCount "76"]
[EventDate "2007.??.??"]
[Source "SG Dortmund"]
[SourceDate "2004.12.16"]

1. e4 c5 2. Nf3 d6 3. d4 cxd4 4. Nxd4 Nf6 5. Nc3 g6 6. Be3 Bg7 7. f3 O-O 8. Qd2
Nc6 9. Bc4 Bd7 10. O-O-O Rc8 11. Bb3 Ne5 12. Qe2 Qa5 13. Nd5 Nxd5 14. Bxd5 b5
15. Kb1 Nc4 16. h4 e6 17. Bxc4 bxc4 18. Qd2 c3 19. Nb3 Qa4 20. Qxd6 Bb5 21. h5
cxb2 22. hxg6 hxg6 23. Qh2 f6 24. Bh6 Qc4 25. Rd2 Rf7 26. Bxg7 Rxg7 27. Kxb2 a5
28. Rd8+ Rxd8 29. Qh8+ Kf7 30. Qxd8 a4 31. Rh8 g5 32. Rf8+ Kg6 33. Qxf6+ Kh7
34. Nd2 Qb4+ 35. Kc1 Qa3+ 36. Kb1 Qb4+ 37. Kc1 Qa3+ 38. Kb1 Qb4+ 1/2-1/2

[Event "61. BEM 2007"]
[Site "Dortmund"]
[Date "2007.02.26"]
[Round "1.4"]
[White "Tkachuk, Konstantyn"]
[Black "Gennat, Egon L"]
[Result "1-0"]
[WhiteElo "2090"]
[BlackElo "1518"]
[PlyCount "41"]
[EventDate "2007.??.??"]
[Source "SG Dortmund"]
[SourceDate "2004.12.16"]

1. e4 g6 2. d4 Bg7 3. f4 d6 4. Nf3 Nf6 5. Bd3 b6 6. c3 O-O 7. O-O c6 8. h3 Ba6
9. Bxa6 Nxa6 10. Be3 Nxe4 11. Qd3 Ng3 12. Qxa6 Nxf1 13. Qxf1 Qc7 14. Nbd2 Rae8
15. Ne4 e5 16. fxe5 dxe5 17. dxe5 Bxe5 18. Nxe5 Rxe5 19. Nf6+ Kh8 20. Bd4 Rd8
21. Nd7 1-0

[Event "61. BEM 2007"]
[Site "Dortmund"]
[Date "2007.02.26"]
[Round "1.5"]
[White "Gegner, Michael"]
[Black "Zelt, Jens"]
[Result "0-1"]
[WhiteElo "1517"]
[BlackElo "2063"]
[PlyCount "50"]
[EventDate "2007.??.??"]
[Source "SG Dortmund"]
[SourceDate "2004.12.16"]

1. d4 f5 2. e4 fxe4 3. Nc3 e6 4. f3 e3 5. Bxe3 Nf6 6. Bd3 Nc6 7. f4 Bb4 8. a3
Bxc3+ 9. bxc3 O-O 10. Nf3 Qe8 11. O-O Ne7 12. Qe1 Nf5 13. Bd2 b6 14. h3 Bb7 15.
g4 Ne7 16. c4 c5 17. c3 Rd8 18. g5 Nh5 19. Ne5 Nf5 20. Qf2 d6 21. Ng4 Qc6 22.
Kh2 cxd4 23. cxd4 Nxd4 24. Be2 Nxf4 25. Bxf4 Rxf4 0-1

[Event "61. BEM 2007"]
[Site "Dortmund"]
[Date "2007.02.26"]
[Round "1.6"]
[White "Watzlawek, Markus"]
[Black "Benke, Werner"]
[Result "1-0"]
[WhiteElo "1967"]
[BlackElo "1501"]
[PlyCount "31"]
[EventDate "2007.??.??"]
[Source "SG Dortmund"]
[SourceDate "2004.12.16"]

1. d4 d5 2. Nf3 Nf6 3. c4 e6 4. g3 g6 5. Bg2 Bg7 6. O-O O-O 7. Nc3 c6 8. Bg5 h6
9. Bxf6 Bxf6 10. e4 c5 11. cxd5 exd5 12. Nxd5 Bxd4 13. Nxd4 cxd4 14. Qxd4 Nd7
15. Rad1 a5 16. e5 1-0

[Event "61. BEM 2007"]
[Site "Dortmund"]
[Date "2007.02.26"]
[Round "1.7"]
[White "Reinacher, Detlev"]
[Black "Borjini, Mohamed"]
[Result "1/2-1/2"]
[WhiteElo "1480"]
[BlackElo "1965"]
[Annotator "P. Schulenburg"]
[PlyCount "110"]
[EventDate "2007.??.??"]
[Source "SG Dortmund"]
[SourceDate "2004.12.16"]

1. d4 Nf6 2. c4 e6 3. Nc3 c5 4. d5 exd5 5. cxd5 d6 6. e4 g6 7. Nf3 Bg7 8. Bb5+
Bd7 9. Qa4 O-O 10. Bf4 Re8 11. O-O Bxb5 12. Qxb5 Qd7 13. Qxd7 Nbxd7 14. Rfe1
Bf8 15. h3 a6 16. a4 c4 17. Nd2 Rac8 18. Re3 Nh5 19. Bh2 Bh6 20. Re2 Nf4 21.
Bxf4 Bxf4 22. g3 Be5 23. f4 Bd4+ 24. Kg2 Nc5 25. Rc1 Nd3 26. Rc2 Nxb2 27. Rxb2
Bxc3 28. Rxb7 Bxd2 29. Rxd2 Rxe4 30. Rb6 c3 31. Rc2 Rd4 32. Kf2 Rxd5 33. Rxa6
Rd3 34. Rb6 Re8 35. a5 Ree3 36. a6 Rf3+ 37. Kg2 Rxg3+ 38. Kh2 Rxh3+ 39. Kg2
Rdg3+ 40. Kf2 Rf3+ 41. Kg2 Rhg3+ 42. Kh2 Rh3+ 43. Kg2 Rfg3+ 44. Kf2 Rd3 45. Kg2
Rh5 46. a7 Ra5 47. Rb8+ Kg7 48. a8=Q Rxa8 49. Rxa8 d5 50. Kf2 d4 51. Re8 h6 52.
Re4 f5 53. Re7+ Kf8 54. Rd7 Rh3 55. Ke2 Re3+ ({Schwarz, der lange wie
verblendet auf Gewinn gespielt hatte, musste hier eigentlich unbedingt den
Rettungsanker} 55... d3+ $3 {werfen. Nach weiterem} 56. Rxd3 Rh2+ 57. Kd1 Rh1+
58. Ke2 Rh2+ {waere das Dauerschach perfekt.}) ({Statt nun seinerseits nach} 
55... Re3+ $4 {in ein Remis einzuwilligen, konnte Weiss mittels} 56. Kd1 {
leicht gewinnen,  z.B.} 56... Rd3+ 57. Kc1 Ke8 58. Rh7 Rf3 59. Ra2 Rf1+ 60. Kc2
Rf2+ 61. Kb3 Rxa2 62. Kxa2 d3 63. Kb3 {
und die schwarzen Bauern fallen wie reife Fruechte. (Schulenburg)}) 1/2-1/2

[Event "61. BEM 2007"]
[Site "Dortmund"]
[Date "2007.02.26"]
[Round "1.8"]
[White "Begna, Bozidar"]
[Black "Ackerhans, Gerd"]
[Result "1-0"]
[WhiteElo "1953"]
[BlackElo "1476"]
[PlyCount "58"]
[EventDate "2007.??.??"]
[Source "SG Dortmund"]
[SourceDate "2004.12.16"]

1. e4 c6 2. d4 d5 3. e5 Bf5 4. h4 h6 5. g4 Bh7 6. e6 fxe6 7. Bd3 g6 8. g5 h5 9.
Bf4 Bg7 10. Nf3 Nd7 11. Qe2 Qb6 12. c3 O-O-O 13. b4 Rf8 14. Be5 Nxe5 15. Nxe5
Qc7 16. a4 Bxe5 17. dxe5 Nh6 18. gxh6 Rf4 19. Nd2 Rhf8 20. f3 c5 21. Kf2 c4 22.
Bc2 Rg4 23. Rag1 Qb6+ 24. Kf1 Rgf4 25. Bxg6 Bxg6 26. Rxg6 Qc6 27. h7 Qe8 28.
Rg7 Rg4 29. Rg1 Rh8 1-0

[Event "61. BEM 2007"]
[Site "Dortmund"]
[Date "2007.02.26"]
[Round "1.9"]
[White "Schröder, Marcel"]
[Black "Starp, Klaus"]
[Result "0-1"]
[WhiteElo "1440"]
[BlackElo "1936"]
[PlyCount "88"]
[EventDate "2007.??.??"]
[Source "SG Dortmund"]
[SourceDate "2004.12.16"]

1. e4 c5 2. Nf3 d6 3. d4 cxd4 4. Nxd4 Nf6 5. Nc3 a6 6. Be3 e5 7. Nb3 Be7 8. Be2
Be6 9. O-O Nbd7 10. Qd2 O-O 11. f4 Rc8 12. f5 Bc4 13. Rfe1 b5 14. Bf3 b4 15.
Nd1 a5 16. Qf2 d5 17. exd5 Bxd5 18. c3 a4 19. Nd2 Nc5 20. Be2 Nce4 21. Bb6 Qd7
22. Nxe4 Nxe4 23. Qf1 bxc3 24. Nxc3 Nxc3 25. bxc3 Rxc3 26. Bb5 Qb7 27. Bf2 Bf6
28. Re3 Rxe3 29. Bxe3 Bxg2 30. Qxg2 Qxb5 31. Bg5 Qb6+ 32. Kh1 Rb8 33. Bxf6 Qxf6
34. Qe4 h6 35. Rc1 Rb2 36. Rc8+ Kh7 37. Rc6 Rb1+ 38. Qxb1 Qxc6+ 39. Kg1 Qc5+
40. Kf1 Qc4+ 41. Kf2 f6 42. Kg3 a3 43. Kf2 Qd4+ 44. Kg2 Qb2+ 0-1

[Event "61. BEM 2007"]
[Site "Dortmund"]
[Date "2007.02.26"]
[Round "1.11"]
[White "Jentzsch, Werner Wilfried"]
[Black "Zeldin, Vitali"]
[Result "0-1"]
[WhiteElo "1423"]
[BlackElo "1927"]
[PlyCount "36"]
[EventDate "2007.??.??"]
[Source "SG Dortmund"]
[SourceDate "2004.12.16"]

1. d4 Nf6 2. c4 e6 3. Nc3 Bb4 4. Bd2 O-O 5. a3 Bxc3 6. Bxc3 d5 7. cxd5 exd5 8.
Nf3 Ne4 9. e3 Nd7 10. Bd3 Ndf6 11. O-O Bg4 12. Be2 Re8 13. Ne5 Bxe2 14. Qxe2
Nd7 15. Nd3 Qg5 16. Nf4 c6 17. Rac1 Nxc3 18. Rxc3 Qxf4 0-1

[Event "61. BEM 2007"]
[Site "Dortmund"]
[Date "2007.02.26"]
[Round "1.12"]
[White "Reusche, Horst"]
[Black "Milonas, Georgios"]
[Result "1-0"]
[WhiteElo "1900"]
[BlackElo "1398"]
[PlyCount "99"]
[EventDate "2007.??.??"]
[Source "SG Dortmund"]
[SourceDate "2004.12.16"]

1. e4 c5 2. Nc3 e6 3. Nge2 a6 4. a4 Qc7 5. g3 d6 6. Bg2 Be7 7. d3 Nc6 8. O-O
Nf6 9. h3 O-O 10. f4 Nd4 11. Be3 e5 12. f5 Nxe2+ 13. Qxe2 Ne8 14. Nd5 Qd8 15.
a5 f6 16. Kh2 Nc7 17. Nb6 Rb8 18. c4 Na8 19. Nd5 Nc7 20. b4 Nxd5 21. exd5 cxb4
22. Be4 Qe8 23. Rfb1 g6 24. g4 g5 25. Rxb4 Qd7 26. d4 exd4 27. Bxd4 Bd8 28. Qb2
Qe7 29. Bf3 h6 30. Qc3 Qf7 31. Kg2 Kh7 32. c5 dxc5 33. Bxc5 Bd7 34. Bxf8 Qxf8
35. Rc4 Qd6 36. Qa3 Qxa3 37. Rxa3 Bb5 38. Rc2 b6 39. axb6 Bxb6 40. Be2 Bxe2 41.
Rxe2 a5 42. Rb2 Bc5 43. Rxb8 Bxa3 44. Kf3 Kg7 45. Rb7+ Kf8 46. Ke4 Ke8 47. Kd3
Kd8 48. Kc4 Kc8 49. Ra7 Bb4 50. Rf7 1-0